00844nam a2200205Ia 4500003000900000008004100009020001800050040001600068080002000084111004900104245024600153260004900399300001500448490003900463650002600502650001700528700002600545700002900571710003800600IN-BaIIA211028s9999 xx 000 0 eng d a1-56396-767-7 cIIA Library a524(082.2)bHOL aAstrophysics Conferencen8thcUSAd1997 Oct. 0aAccretion processes in astrophysical systems- some like it hot!bproceedings of the eighth astrophysics conference, College Park, USA, October 1997cedited by Stephen S. Holt and Timothy R. Kallman  aNewyorkbAmerican Institute of Physicsc1998 axiv, 562p. aAIP conference proceedings; v. 431 aAstrophysical systems aAstrophysics aHolt, Stephen S., ed. aKallman, Timothy R., ed. aAmerican Institute of Physics